Food Ingredients: (Record no. 4267)

MARC details
000 -LEADER
fixed length control field 00927nam a22002417a 4500
001 - CONTROL NUMBER
control field 06943
003 - CONTROL NUMBER IDENTIFIER
control field HDC
007 - PHYSICAL DESCRIPTION FIXED FIELD--GENERAL INFORMATION
fixed length control field cr bn ---
008 - FIXED-LENGTH DATA ELEMENTS--GENERAL INFORMATION
fixed length control field 210125b20132013dk ||||| |||| 00| 0 eng d
040 ## - CATALOGING SOURCE
Original cataloging agency HDC
110 ## - MAIN ENTRY--CORPORATE NAME
Corporate name or jurisdiction name as entry element Institute for Food Studies & Agro industrial Development
Relator term author
245 #0 - TITLE STATEMENT
Title Food Ingredients:
Remainder of title a Danish Position of Strength
Statement of responsibility, etc. / Institute for Food Studies & Agro industrial Development
260 ## - PUBLICATION, DISTRIBUTION, ETC.
Place of publication, distribution, etc. Denmak:
Name of publisher, distributor, etc. Institute for Food Studies & Agro industrial Development,
Date of publication, distribution, etc. 2013
300 ## - PHYSICAL DESCRIPTION
Extent 1 online resource (46 pages)
336 ## - CONTENT TYPE
Content type term text
Source rdacontent
337 ## - MEDIA TYPE
Media type term computer
Source rdamedia
338 ## - CARRIER TYPE
Carrier type term online resource
Source rdacarrier
650 ## - SUBJECT ADDED ENTRY--TOPICAL TERM
Topical term or geographic name entry element Food industry
Geographic subdivision Denmark
9 (RLIN) 7387
856 ## - ELECTRONIC LOCATION AND ACCESS
Public note Request full-text at [email protected]
942 ## - ADDED ENTRY ELEMENTS (KOHA)
Source of classification or shelving scheme Library of Congress Classification
942 ## - ADDED ENTRY ELEMENTS (KOHA)
Koha item type E-Book
942 ## - ADDED ENTRY ELEMENTS (KOHA)
Call number prefix REPT 000108
Holdings
Withdrawn status Lost status Source of classification or shelving scheme Damaged status Not for loan Home library Current library Shelving location Date acquired Total checkouts Full call number Date last seen Price effective from Koha item type
    Library of Congress Classification     Halal Development Corporation Library Halal Development Corporation Library Open Shelves 24/05/2023   REPT 000108 24/05/2023 24/05/2023 E-Book
Halal Development Corporation Berhad (HDC)
5.02 Level 5, KPMG Tower, First Avenue, Persiaran Bandar Utama, 47800 Petaling Jaya, Selangor Darul Ehsan
Phone: +603 7965 5489 Email: [email protected]